LDR 00722naa#a2200193#i#450# 001 EN\\bibl\125498 005 20260702142145.4 011 ## _a2658-4026 100 ## _a20260630b2026####ek#y0engy0150####ca 102 ## _aRU 200 1# _aA Methodological Approach to Assessing Students’ Knowledge Using Constructed Response Methods in Automated Learning Systems _eJournal article 210 1# _aBryansk _cBryansk State Technical University _d2026 215 ## _a7 с. 608 ## _aJournal article _2local 675 ## _aЭргономика. 331.101.1 _aПсихотехника. 159.98 _z 700 #1 _aBagretsov _gSergey Alekseevich 700 #1 _aKonovalchik _gMaxim Sergeevich 700 #1 _aRozanova _gLyudmila Vladimirovna 856 4# _abstu.editorum.ru _u